000 00316nam a22001337a 4500
008 190129b xxu||||| |||| 00| 0 eng d
020 _a9780205265848
041 _aeng
080 _23rd
_a316
100 _a50
101 _aSOC
245 _aAn Introduction to Group work practice
_cToseland,R.W
942 _2udc
_cBK
999 _c53865
_d53865